000 00693nam a22002057a 4500
005 20171113102327.0
010 _aENG-121309
020 _a9788183876858
_c895.00
035 _aEN-104841
037 _bDBAD/PUB
082 _a332.0954
100 _a Arulraj,A.
245 _aTowards stronger and sustainability of self help groups in South Asia /
_cby A. Arulraj [and] M. Santhanalakshmi
260 _aNew Delhi
_bSerials Publications
_c2014
270 _a4830/24, Prahlad Street, Ansari Road Darya Ganj
_bNew Delhi
_e110002
300 _a212p. :
_c22cm(Hb)
_bill.
500 _aIncludes references
700 _dM. Santhanalakshmi
942 _2ddc
_cEN
_h332.0954
_mARU
999 _c147310
_d147310